| 000 | 00529nam a2200181Ia 4500 | ||
|---|---|---|---|
| 001 | 8277 | ||
| 005 | 20260306160557.0 | ||
| 008 | 260306t2015||||xx |||||||||||||| ||spa|| | ||
| 041 | _aESP | ||
| 082 |
_a370.1523 _bI97 |
||
| 100 |
_aIzaguirre Sotomayor, Manuel Hernán _eAUT |
||
| 245 | 0 |
_aNeuroproceso de la enseñanza y del aprendizaje: _bmetodología de la aplicación de la neurociencia en la educación |
|
| 260 | _c2015 | ||
| 300 |
_a265 páginas : _c24 cm. |
||
| 650 | _aGEN | ||
| 654 | _aCED | ||
| 942 |
_cLIB _dJUS _fJUS _2ddc _n |
||
| 999 |
_c8277 _d8277 |
||